| 000 | 00607nam a2200205Ia 4500 | ||
|---|---|---|---|
| 001 | 5025 | ||
| 003 | GE_BSU | ||
| 008 | 181216s||||||||xx |||||||||||||| ||und|| | ||
| 040 | _cGE_BSU | ||
| 080 | _a515.142 | ||
| 100 | _aБредон Г.Э. | ||
| 245 | _aТеория пучков. | ||
| 245 | _cПод. Ред. Е.Г. Скляренко. Пер. с английского А.Ю. Воловикова. Гл. ред. физ.-мат. лит-ры. | ||
| 260 | _aМосква | ||
| 260 | _bНаука | ||
| 260 | _c1988 | ||
| 300 | _a311 с. 22 см. | ||
| 653 | _aТеория пучков. | ||
| 942 | _cBK | ||
| 999 |
_c38719 _d38719 |
||